ბათუმის შოთა რუსთაველის სახელმწიფო უნივერსიტეტის ბიბლიოთეკა

ქართული მწერლობა:ოცდაათ ტომად.ტ1 (ბიბ.ჩანაწერი № 43597)

000 -LEADER
fixed length control field 01008nam a2200217Ia 4500
001 - CONTROL NUMBER
control field 10331
003 - CONTROL NUMBER IDENTIFIER
control field GE_BSU
008 - FIXED-LENGTH DATA ELEMENTS--GENERAL INFORMATION
fixed length control field 181216s||||||||xx |||||||||||||| ||und||
040 ## - CATALOGING SOURCE
Transcribing agency GE_BSU
080 ## - UNIVERSAL DECIMAL CLASSIFICATION NUMBER
Universal Decimal Classification number 821.353.1+821.353.1-141+821.353.1-32+821.353.1-97
245 ## - TITLE STATEMENT
Title ქართული მწერლობა:ოცდაათ ტომად.ტ1
245 ## - TITLE STATEMENT
Remainder of title V-X საუკუნეთა მწერლობა
245 ## - TITLE STATEMENT
Statement of responsibility, etc. შემდგ.ა.ბაქრაძე,რ.თვარაძე,სარედ.კოლ.ა.ბაქრაძე და სხვ.წინასიტყვ.რ.თვარაძისა,ბოლოსიტყვ.ავტ.და ტომის რედ.რ.სირაძე
260 ## - PUBLICATION, DISTRIBUTION, ETC.
Place of publication, distribution, etc. თბილისი
260 ## - PUBLICATION, DISTRIBUTION, ETC.
Name of publisher, distributor, etc. ნაკადული
260 ## - PUBLICATION, DISTRIBUTION, ETC.
Date of publication, distribution, etc. 1987
300 ## - PHYSICAL DESCRIPTION
Extent 766გვ.20სმ.
653 ## - INDEX TERM--UNCONTROLLED
Uncontrolled term V-X საუკუნეთა მწერლობა
653 ## - INDEX TERM--UNCONTROLLED
Uncontrolled term ქართული მწერლობა
942 ## - ADDED ENTRY ELEMENTS (KOHA)
Koha item type წიგნი
ეგზემპლარები
Withdrawn status Lost status Damaged status Not for loan Date acquired Barcode Date last seen Price effective from Koha item type
        2018-12-17 34077 2018-12-17 2018-12-17 წიგნი
        2018-12-17 34078 2018-12-17 2018-12-17 წიგნი
        2018-12-17 34079 2018-12-17 2018-12-17 წიგნი
        2018-12-17 34080 2018-12-17 2018-12-17 წიგნი
        2018-12-17 34081 2018-12-17 2018-12-17 წიგნი